A perfect pony / (Record no. 2822)

MARC details
000 -LEADER
fixed length control field 01079cam a22002537a 4500
005 - DATE AND TIME OF LATEST TRANSACTION
control field 20240116105047.0
020 ## - INTERNATIONAL STANDARD BOOK NUMBER
International Standard Book Number 9780060781446
020 ## - INTERNATIONAL STANDARD BOOK NUMBER
International Standard Book Number 0060781440
040 ## - CATALOGING SOURCE
Original cataloging agency DLC
Transcribing agency DLC
Modifying agency DLC
Language of cataloging eng
082 ## - DEWEY DECIMAL CLASSIFICATION NUMBER
Classification number 813.54
100 1# - MAIN ENTRY--PERSONAL NAME
Personal name Szymanski, Lois
245 12 - TITLE STATEMENT
Title A perfect pony /
Statement of responsibility, etc. Lois Szymanski
250 ## - EDITION STATEMENT
Edition statement First HarperFestival edition, 2005
260 ## - PUBLICATION, DISTRIBUTION, ETC.
Place of publication, distribution, etc. New York :
Name of publisher, distributor, etc. HarperFestival,
Date of publication, distribution, etc. 2005
300 ## - PHYSICAL DESCRIPTION
Extent 70 pages :
Other physical details illustrations ;
Dimensions 20 cm
490 0# - SERIES STATEMENT
Series statement Charming ponies
505 ## - FORMATTED CONTENTS NOTE
Formatted contents note O
520 ## - SUMMARY, ETC.
Summary, etc. A PERFECT PONY It's the most exciting day of Niki's life! She's saved up enough money to buy her very own pony and today is the day of the pony auction. She could take home a magnificent pinto or a proud Thoroughbred, but she sets her heart on a beautiful white mare instead. When a little black horse with big sad eyes distracts Niki from the mare of her dreams, will she miss the chance to own the perfect pony?
521 ## - TARGET AUDIENCE NOTE
Target audience note 700
Source Lexile estimate
521 ## - TARGET AUDIENCE NOTE
Target audience note O
Source Raz-Plus
906 ## - LOCAL DATA ELEMENT F, LDF (RLIN)
a 7
b cbc
c orignew
d 4
e ncip
f 20
g y-gencatlg
942 ## - ADDED ENTRY ELEMENTS (KOHA)
Source of classification or shelving scheme Dewey Decimal Classification
Koha item type Books
Suppress in OPAC No
999 ## -
-- 2822
-- 2822
Holdings
Withdrawn status Lost status Source of classification or shelving scheme Damaged status Not for loan Collection Home library Current library Shelving location Date acquired Total Checkouts Full call number Barcode Date last seen Price effective from Koha item type
    Dewey Decimal Classification     Juvenile Fiction Footprints International School Library Network Toul Kork Campus Footprints International School Library Network Toul Kork Campus   01/16/2024   SZY 813.54 FIS00324 04/23/2025 01/16/2024 Books